000 00390nam a2200157Ia 4500
003 Ost
005 20260225132546.0
008 260225s9999||||xx |||||||||||||| ||und||
040 _cfsic
041 _afre
082 _a440
100 _aClarendon press
_eAuteur
245 0 _aTimothy C.Weishel french colonial rule and the baule peoples /
245 0 _cClarendon press
942 _cكتاب
999 _c33828
_d33828